000 00344nam a2200145Ia 4500
008 200103s9999||||xx |||||||||||||| ||und||
040 _aIMU-MPC
082 _aColumn-22
100 _aSchumann, Charles H.
245 0 _aDescriptive Geometry
250 _a4th Ed.
260 _bD. Van Nostrand Company
_c1946
300 _axi, 338
942 _cBK
999 _c6758
_d6758